[Event "Spakenburg FishPartners op"]
[Site "Spakenburg"]
[Date "2025.07.05"]
[Round "4"]
[White "Van Foreest, Lucas"]
[Black "Andersson, Ulf"]
[Result "1-0"]
[WhiteElo "2525"]
[BlackElo "2519"]
[PlyCount "133"]
[EventDate "2025.07.05"]
[EventType "swiss (rapid)"]
[EventRounds "7"]
[EventCountry "NED"]
[SourceTitle "CB28_2025"]
[SourceDate "2025.07.09"]
[SourceVersion "1"]
[SourceVersionDate "2025.07.09"]
[SourceQuality "1"]

1. d4 d5 2. c4 e6 3. Nc3 Nf6 4. cxd5 exd5 5. Bg5 Be7 6. e3 Nbd7 7. Bd3 0-0 8. Nf3 c6 9. h3 Re8 10. Qc2 g6 11. Bf4 b6 12. 0-0 Bb7 13. Rac1 a6 14. Rfd1 c5 15. dxc5 bxc5 16. Be2 Rc8 17. Ne5 Nb6 18. Ng4 d4 19. Be5 h5 20. Nxf6+ Bxf6 21. exd4 Bxe5 22. dxe5 Qg5 23. Bf1 Qxe5 24. Rd2 Red8 25. Re2 Qf4 26. Rce1 Nd5 27. Nxd5 Bxd5 28. Rd2 Bxa2 29. Rxd8+ Rxd8 30. Qxc5 Qd2 31. Re2 Qd1 32. Qa5 Qd5 33. Qc3 Bb1 34. Re1 Be4 35. Qb4 Bf5 36. Bxa6 Be6 37. Bf1 Qb3 38. Qc3 Rb8 39. Qxb3 Rxb3 40. Re2 Kg7 41. Rd2 h4 42. Bd3 Kf6 43. Kf1 Rb4 44. Ke2 Ke5 45. Ke3 g5 46. Re2 Bd5 47. f3 Rb3 48. Rc2 f5 49. Re2 Kf6 50. Kd4 Bb7 51. Re8 Rxb2 52. Bc4 Rd2+ 53. Kc5 g4 54. f4 Bxg2 55. Rf8+ Kg7 56. Rg8+ Kf6 57. hxg4 fxg4 58. Rxg4 h3 59. Rh4 Rd8 60. Be2 Re8 61. Bd3 Rd8 62. Kc4 Rg8 63. Rh6+ Ke7 64. Kd4 Rg3 65. Bf5 Kf7 66. Ke5 Re3+ 67. Kd4 1-0

[Event "Spakenburg FishPartners op"]
[Site "Spakenburg"]
[Date "2025.07.05"]
[Round "3"]
[White "Vedder, Richard"]
[Black "Van Foreest, Lucas"]
[Result "0-1"]
[WhiteElo "2255"]
[BlackElo "2525"]
[PlyCount "90"]
[EventDate "2025.07.05"]
[EventType "swiss (rapid)"]
[EventRounds "7"]
[EventCountry "NED"]
[SourceTitle "CB28_2025"]
[SourceDate "2025.07.09"]
[SourceVersion "1"]
[SourceVersionDate "2025.07.09"]
[SourceQuality "1"]

1. d4 d5 2. c4 e6 3. Nc3 Nf6 4. Bg5 Be7 5. e3 h6 6. Bh4 0-0 7. Rc1 b6 8. Bxf6 Bxf6 9. cxd5 exd5 10. Qf3 c6 11. Bd3 Re8 12. Nge2 Nd7 13. 0-0 Nf8 14. e4 Be6 15. e5 Bg5 16. Rcd1 Ng6 17. Bxg6 fxg6 18. Qg3 Kh7 19. f4 Bh4 20. Qf3 Qd7 21. h3 Rf8 22. Kh2 Rf7 23. g3 Be7 24. g4 Bh4 25. Ng3 Raf8 26. Nce2 c5 27. Qe3 Qb5 28. b3 Kg8 29. Qd3 Qxd3 30. Rxd3 h5 31. gxh5 gxh5 32. dxc5 bxc5 33. Nxh5 d4 34. Nhg3 Bc8 35. Rdf3 Bb7 36. R3f2 g6 37. f5 Ba6 38. f6 Re8 39. Ne4 Rxe5 40. N2g3 Bxf1 41. Rxf1 Bxg3+ 42. Nxg3 Re6 43. Rc1 Rfxf6 44. Rxc5 Rf2+ 45. Kg1 Rxa2 0-1

[Event "FRA-chT Top 16 Haute"]
[Site "Belfort"]
[Date "2025.05.29"]
[Round "1.3"]
[White "Esipenko, Andrey"]
[Black "Van Foreest, Lucas"]
[Result "1-0"]
[WhiteElo "2695"]
[BlackElo "2530"]
[PlyCount "197"]
[EventDate "2025.05.29"]
[EventType "team-tourn"]
[EventRounds "4"]
[EventCountry "FRA"]
[SourceTitle "CB23_2025"]
[SourceDate "2025.06.04"]
[SourceVersion "1"]
[SourceVersionDate "2025.06.04"]
[SourceQuality "1"]
[WhiteTeam "Asnieres"]
[BlackTeam "Tremblay en France"]
[WhiteTeamCountry "FRA"]
[BlackTeamCountry "FRA"]

1. e4 e5 2. Nf3 Nc6 3. Bb5 Nf6 4. d3 Bc5 5. Bxc6 dxc6 6. a3 Nd7 7. Nc3 0-0 8. Be3 Qe7 9. g4 a5 10. Rg1 Rd8 11. Qc1 Nf8 12. Bxc5 Qxc5 13. Qg5 f6 14. Qe3 Qxe3+ 15. fxe3 h6 16. h4 g5 17. a4 Ng6 18. h5 Nh8 19. Kf2 Nf7 20. Kg3 Nd6 21. Rgf1 Kg7 22. Rf2 Be6 23. Raf1 Rf8 24. Nd2 Rad8 25. Rb1 Ra8 26. Kh3 Rad8 27. b3 Rde8 28. Rff1 Re7 29. Kg3 Ra8 30. Kf3 Rd7 31. Rfd1 Re8 32. Nf1 Bf7 33. Ng3 Rde7 34. Rd2 Be6 35. Nd1 Rb8 36. Nf2 Kf7 37. d4 Bd7 38. c4 b6 39. c5 bxc5 40. dxc5 Nc4 41. Rd3 Be6 42. Nf5 Rd7 43. Nxh6+ Kg7 44. Rxd7+ Bxd7 45. Rd1 Kxh6 46. Rxd7 Rxb3 47. Rf7 Rxe3+ 48. Kg2 Ra3 49. Rxf6+ Kh7 50. Rxc6 Ne3+ 51. Kh2 Rxa4 52. Rxc7+ Kh6 53. Rc6+ Kh7 54. Rg6 Ra2 55. Kg3 a4 56. c6 Rc2 57. Nh3 Nf1+ 58. Kf3 Nh2+ 59. Kg3 Nf1+ 60. Kf3 Nh2+ 61. Ke3 Rc3+ 62. Kf2 Nxg4+ 63. Kg2 Ne3+ 64. Kg1 a3 65. Nxg5+ Kh8 66. h6 Rc1+ 67. Kf2 Ng4+ 68. Kf3 Nxh6 69. Rxh6+ Kg7 70. Rh2 Rxc6 71. Kg4 Rf6 72. Ra2 Kg6 73. Nh3 Ra6 74. Nf2 Ra4 75. Kf3 Kg5 76. Nd1 Rd4 77. Nf2 Ra4 78. Ng4 Ra5 79. Ne3 Ra8 80. Nd5 Ra4 81. Nc3 Ra8 82. Kg3 Ra6 83. Kf3 Ra8 84. Nd1 Rd8 85. Nf2 Ra8 86. Nd3 Ra5 87. Ke3 Kg4 88. Ne1 Ra8 89. Nf3 Ra5 90. Rg2+ Kh5 91. Rh2+ Kg6 92. Ra2 Kf6 93. Nd2 Ra4 94. Kd3 Ra8 95. Nb1 Rd8+ 96. Kc2 Rc8+ 97. Nc3 Kg5 98. Rxa3 Kf4 99. Kd3 1-0

[Event "Kuwait Rapid op 3rd"]
[Site "Kuwait City"]
[Date "2025.05.03"]
[Round "8"]
[White "Fawzy, Adham"]
[Black "Van Foreest, Lucas"]
[Result "0-1"]
[WhiteElo "2513"]
[BlackElo "2530"]
[PlyCount "80"]
[EventDate "2025.05.02"]
[EventType "swiss (rapid)"]
[EventRounds "9"]
[EventCountry "KUW"]
[SourceTitle "CB19_2025"]
[SourceDate "2025.05.07"]
[SourceVersion "1"]
[SourceVersionDate "2025.05.07"]
[SourceQuality "1"]

1. e4 e5 2. Nf3 Nc6 3. Nc3 Nf6 4. a3 d5 5. Bb5 Nxe4 6. Qe2 Qd6 7. Nxe4 dxe4 8. Qxe4 Bd7 9. d4 0-0-0 10. Bg5 f6 11. dxe5 Qc5 12. Bxc6 Bxc6 13. Qg4+ Kb8 14. Be3 Bxf3 15. Qxf3 Qa5+ 16. c3 Qxe5 17. 0-0 Bd6 18. g3 Rhe8 19. Rad1 Qb5 20. Rd2 Re6 21. Rfd1 Rde8 22. Kg2 a6 23. b4 Qc4 24. Rd4 Qa2 25. R1d2 Qxa3 26. c4 Rxe3 27. fxe3 Qxb4 28. Rc2 Qb3 29. Re2 Qc3 30. Re4 Be5 31. h4 Qd3 32. c5 Qb5 33. Rc2 Rd8 34. c6 Qb1 35. Rec4 Rd1 36. Qe2 Rg1+ 37. Kf3 Rxg3+ 38. Ke4 Qh1+ 39. Kf5 Qd5 40. Qd2 g6# 0-1

[Event "Kuwait Rapid op 3rd"]
[Site "Kuwait City"]
[Date "2025.05.02"]
[Round "1"]
[White "Van Foreest, Lucas"]
[Black "Panchumarthi, Srinadh"]
[Result "1-0"]
[WhiteElo "2530"]
[BlackElo "1537"]
[PlyCount "93"]
[EventDate "2025.05.02"]
[EventType "swiss (rapid)"]
[EventRounds "9"]
[EventCountry "KUW"]
[SourceTitle "CB19_2025"]
[SourceDate "2025.05.07"]
[SourceVersion "1"]
[SourceVersionDate "2025.05.07"]
[SourceQuality "1"]

1. d4 d5 2. c4 e6 3. Nc3 Nf6 4. cxd5 exd5 5. Bg5 c6 6. e3 Be7 7. Bd3 0-0 8. h3 Re8 9. Qc2 g6 10. Nf3 Ne4 11. Bf4 Nd7 12. Nxe4 dxe4 13. Bxe4 Bb4+ 14. Kf1 Nf6 15. Bd3 Nd5 16. Bg5 Qb6 17. a3 Bf8 18. e4 Nc7 19. Be3 Na6 20. b4 Qd8 21. g3 Nc7 22. Kg2 Bd7 23. Bg5 Qc8 24. Bf6 Bg7 25. Bxg7 Kxg7 26. Qc3 Kg8 27. Rac1 Ne6 28. Ne5 Qd8 29. Bc4 Rc8 30. h4 b5 31. Bb3 h5 32. Rhd1 Rc7 33. Qf3 Bc8 34. Nxc6 Qd7 35. Ne5 Qe7 36. Rxc7 Qxc7 37. Qf6 Qe7 38. Qxe7 Rxe7 39. Bxe6 Bxe6 40. Rc1 Kg7 41. f3 f6 42. Nc6 Rb7 43. Nd8 Re7 44. Nxe6+ Rxe6 45. Rc7+ Kh6 46. d5 Rd6 47. Rc6 1-0

[Event "Kuwait Rapid op 3rd"]
[Site "Kuwait City"]
[Date "2025.05.02"]
[Round "4"]
[White "Viani, Antonio Dcunha"]
[Black "Van Foreest, Lucas"]
[Result "0-1"]
[WhiteElo "2364"]
[BlackElo "2530"]
[PlyCount "102"]
[EventDate "2025.05.02"]
[EventType "swiss (rapid)"]
[EventRounds "9"]
[EventCountry "KUW"]
[SourceTitle "CB19_2025"]
[SourceDate "2025.05.07"]
[SourceVersion "1"]
[SourceVersionDate "2025.05.07"]
[SourceQuality "1"]

1. e4 e5 2. Nf3 Nc6 3. Bb5 a6 4. Ba4 d6 5. h3 b5 6. Bb3 Na5 7. d4 exd4 8. Qxd4 Bb7 9. c3 Nxb3 10. axb3 Nf6 11. Bg5 Be7 12. Nbd2 h6 13. Bh4 0-0 14. 0-0 Nxe4 15. Nxe4 Bxh4 16. Rfe1 Be7 17. b4 Re8 18. Re3 f5 19. Ng3 Qd7 20. Rae1 Bf6 21. Qf4 Rxe3 22. Rxe3 Rf8 23. Qxf5 Qxf5 24. Nxf5 Kf7 25. N3d4 Bd5 26. g4 Ra8 27. f4 a5 28. bxa5 Rxa5 29. h4 Ra1+ 30. Kh2 b4 31. g5 hxg5 32. hxg5 Bxd4 33. cxd4 Rh1+ 34. Kg3 Be6 35. Kg2 Rb1 36. Nxg7 Bd5+ 37. Kg3 Kxg7 38. f5 Rxb2 39. Re7+ Kf8 40. f6 Rg2+ 41. Kf4 b3 42. Rxc7 b2 43. Rc8+ Kf7 44. Rc7+ Ke8 45. Rc8+ Kd7 46. Rb8 Be6 47. Rb7+ Kc6 48. Rb8 Ba2 49. Rxb2 Rxb2 50. g6 Rg2 51. Kf5 Bb1+ 0-1

[Event "Bundesliga 2425"]
[Site "Germany"]
[Date "2025.01.12"]
[Round "6.5"]
[White "Van Foreest, Lucas"]
[Black "Van Wely, Loek"]
[Result "1/2-1/2"]
[WhiteElo "2522"]
[BlackElo "2618"]
[PlyCount "129"]
[EventDate "2024.09.28"]
[EventType "team-tourn"]
[EventRounds "15"]
[EventCountry "GER"]
[SourceTitle "CB06_2025"]
[SourceDate "2025.02.05"]
[SourceVersion "1"]
[SourceVersionDate "2025.02.05"]
[SourceQuality "1"]
[WhiteTeam "Werder Bremen"]
[BlackTeam "Solingen"]
[WhiteTeamCountry "GER"]
[BlackTeamCountry "GER"]

1. d4 Nf6 2. c4 e6 3. Nc3 d5 4. Bg5 Be7 5. cxd5 exd5 6. e3 h6 7. Bh4 0-0 8. Bd3 c6 9. Qc2 Re8 10. Nf3 Nbd7 11. 0-0 Ne4 12. Bxe7 Qxe7 13. Rfe1 Ndf6 14. Ne5 Bf5 15. f3 Nxc3 16. Bxf5 Nb5 17. Qd2 Nd6 18. Bd3 Nd7 19. Nxd7 Qxd7 20. e4 dxe4 21. fxe4 c5 22. e5 Nf5 23. Bxf5 Qxf5 24. dxc5 Rxe5 25. Rxe5 Qxe5 26. Rc1 a5 27. Qc3 Qe6 28. Qb3 Qe7 29. Qc3 Qe6 30. Qb3 Qe7 31. Qc3 Rc8 32. b3 Qe2 33. a3 Re8 34. Rf1 Re3 35. Qxa5 Rxb3 36. Qc7 Qe3+ 37. Kh1 Qe6 38. h3 Qd5 39. Qc8+ Kh7 40. Qf5+ Qxf5 41. Rxf5 Kg6 42. Rf4 Rxa3 43. Rb4 Ra5 44. Rb6+ f6 45. Rxb7 Rxc5 46. Kh2 h5 47. Ra7 h4 48. Rb7 Kh6 49. Ra7 g5 50. Ra6 Kg6 51. Rb6 Kf5 52. Ra6 Ke5 53. Rb6 f5 54. Rg6 Kf4 55. Rg8 Rc2 56. Rf8 Rf2 57. Ra8 Re2 58. Rf8 Re5 59. Rg8 g4 60. hxg4 fxg4 61. Rh8 h3 62. Rf8+ Rf5 63. Rxf5+ Kxf5 64. gxh3 g3+ 65. Kg2 1/2-1/2

[Event "EU-ch Blitz"]
[Site "Skopje"]
[Date "2024.12.09"]
[Round "2"]
[White "Kukk, Sander"]
[Black "Van Foreest, Lucas"]
[Result "0-1"]
[WhiteElo "2234"]
[BlackElo "2520"]
[PlyCount "130"]
[EventDate "2024.12.09"]
[EventType "swiss (blitz)"]
[EventRounds "13"]
[EventCountry "MKD"]
[SourceTitle "CB50_2024"]
[SourceDate "2024.11.01"]
[SourceVersion "1"]
[SourceVersionDate "2024.11.01"]
[SourceQuality "2"]

1. b3 d5 2. e3 Bf5 3. Bb2 e6 4. Nf3 h6 5. d4 Nf6 6. Bd3 Nbd7 7. 0-0 c6 8. Nbd2 Bd6 9. Qe2 0-0 10. Ne5 Ne4 11. Nxd7 Qxd7 12. f3 Nxd2 13. Qxd2 Qc7 14. g3 Bxd3 15. Qxd3 e5 16. dxe5 Bxe5 17. Bxe5 Qxe5 18. Qd4 Qg5 19. Rae1 Rfe8 20. e4 dxe4 21. Rxe4 Rxe4 22. Qxe4 Rd8 23. Kg2 Qc5 24. Rf2 g6 25. Re2 h5 26. h4 Rd1 27. Rf2 Qc3 28. f4 Re1 29. Qf3 Qd4 30. f5 Re3 31. Qf4 Qd5+ 32. Kh2 Re1 33. Rg2 Qd1 34. Rf2 Qd5 35. Rg2 Qxf5 36. Qxf5 gxf5 37. Rf2 Kg7 38. a4 Kf6 39. Kg2 Re3 40. Rd2 Ke6 41. Kf2 Rc3 42. Re2+ Kf6 43. Rd2 a5 44. Kg2 c5 45. Rd6+ Ke5 46. Rb6 Rxc2+ 47. Kh3 Rc3 48. Kg2 f4 49. gxf4+ Kxf4 50. Rxb7 f5 51. Rb5 Kg4 52. Rxa5 f4 53. Ra8 Rc2+ 54. Kf1 Kf3 55. Ke1 Rb2 56. Rc8 Ke3 57. Re8+ Kd4 58. Rf8 Ke4 59. Re8+ Kf3 60. Rc8 Rxb3 61. Rxc5 Kg4 62. Rc4 Kg3 63. Rc1 f3 64. Kf1 Rb2 65. Ra1 Rh2 0-1

[Event "EU-ch Blitz"]
[Site "Skopje"]
[Date "2024.12.09"]
[Round "6"]
[White "Popovic, Milos T"]
[Black "Van Foreest, Lucas"]
[Result "1/2-1/2"]
[WhiteElo "2334"]
[BlackElo "2520"]
[PlyCount "56"]
[EventDate "2024.12.09"]
[EventType "swiss (blitz)"]
[EventRounds "13"]
[EventCountry "MKD"]
[SourceTitle "CB50_2024"]
[SourceDate "2024.11.01"]
[SourceVersion "1"]
[SourceVersionDate "2024.11.01"]
[SourceQuality "2"]

1. d4 d5 2. Bf4 e6 3. e3 c5 4. c3 Nc6 5. Nd2 Bd6 6. Bg3 Nge7 7. Bd3 0-0 8. Ngf3 h6 9. 0-0 cxd4 10. exd4 Bxg3 11. hxg3 Qd6 12. Re1 Bd7 13. a3 Rac8 14. Rc1 a6 15. Bb1 g6 16. Ne5 Nxe5 17. dxe5 Qb6 18. Qb3 Qa7 19. Nf3 Kg7 20. Qd1 Qc5 21. Qd2 Bb5 22. Qf4 Ng8 23. Nd4 Bd7 24. g4 Qe7 25. Re3 Qg5 26. Qg3 Qe7 27. Qf4 Qg5 28. Qg3 Qe7 1/2-1/2

[Event "EU-ch Blitz"]
[Site "Skopje"]
[Date "2024.12.09"]
[Round "11"]
[White "Van Foreest, Lucas"]
[Black "Trushko, Andrii"]
[Result "1-0"]
[WhiteElo "2520"]
[BlackElo "2143"]
[PlyCount "131"]
[EventDate "2024.12.09"]
[EventType "swiss (blitz)"]
[EventRounds "13"]
[EventCountry "MKD"]
[SourceTitle "CB50_2024"]
[SourceDate "2024.11.01"]
[SourceVersion "1"]
[SourceVersionDate "2024.11.01"]
[SourceQuality "2"]

1. e4 c6 2. d3 d5 3. Nd2 e5 4. Ngf3 Bd6 5. d4 exd4 6. Bd3 Ne7 7. 0-0 0-0 8. Nxd4 Bc7 9. N4f3 Nd7 10. Re1 Re8 11. b3 Nc5 12. Bb2 dxe4 13. Bxe4 Nxe4 14. Nxe4 Bg4 15. Qd4 Qxd4 16. Nxd4 Rad8 17. h3 Bc8 18. Rad1 Ng6 19. Nc5 Nf4 20. h4 h6 21. g3 Nd5 22. Kg2 Bb6 23. Na4 Bc7 24. c4 Nb4 25. Rxe8+ Rxe8 26. Nc3 Na6 27. Nf3 Nc5 28. Ba3 Ne6 29. Ne4 Rd8 30. Rxd8+ Nxd8 31. Bd6 Bb6 32. c5 Ba5 33. a3 Ne6 34. b4 Bd8 35. Be5 Bd7 36. Bc3 Nc7 37. Nd6 Nb5 38. Be5 Nxd6 39. Bxd6 f6 40. Nd2 Be6 41. Kf3 Kf7 42. Nf1 Bd5+ 43. Ke3 h5 44. Kd4 Be6 45. Ne3 g5 46. Bb8 a6 47. Ke4 gxh4 48. gxh4 f5+ 49. Nxf5 Bxf5+ 50. Kxf5 Bxh4 51. Bg3 Bf6 52. Be5 Bd8 53. f3 Bh4 54. Bb2 Be7 55. Bc3 a5 56. bxa5 Bxc5 57. Kg5 Bxa3 58. Kxh5 Be7 59. f4 Bf6 60. Bxf6 Kxf6 61. Kg4 c5 62. Kf3 Kf5 63. Ke3 Ke6 64. Kd3 Kd5 65. Kc3 b5 66. axb6 1-0

[Event "EU-ch Blitz"]
[Site "Skopje"]
[Date "2024.12.09"]
[Round "5"]
[White "Van Foreest, Lucas"]
[Black "Zlatkov, Anton"]
[Result "0-1"]
[WhiteElo "2520"]
[BlackElo "2324"]
[PlyCount "73"]
[EventDate "2024.12.09"]
[EventType "swiss (blitz)"]
[EventRounds "13"]
[EventCountry "MKD"]
[SourceTitle "CB50_2024"]
[SourceDate "2024.11.01"]
[SourceVersion "1"]
[SourceVersionDate "2024.11.01"]
[SourceQuality "2"]

1. e4 c5 2. Nf3 e6 3. d4 cxd4 4. Nxd4 Nf6 5. Nc3 Nc6 6. a3 Be7 7. Be3 d6 8. Be2 0-0 9. 0-0 e5 10. Nb3 Be6 11. Nd5 Nxe4 12. c4 Nc5 13. Nd2 f5 14. f4 e4 15. b4 Nd7 16. Nb3 Bf6 17. Ra2 Ne7 18. Nxf6+ Nxf6 19. Rd2 Qc7 20. Nd4 Bxc4 21. Rc2 Bxe2 22. Rxc7 Bxd1 23. Rxe7 Nd5 24. Rxb7 Nxe3 25. Re1 Nc2 26. Rxd1 Nxd4 27. Rxd4 Rfe8 28. Rxd6 e3 29. Kf1 e2+ 30. Ke1 Rac8 31. Rd1 exd1Q+ 32. Kxd1 Red8+ 33. Ke1 Rc1+ 34. Ke2 Rc2+ 35. Ke1 Re8+ 36. Kd1 Rxg2 37. Rxa7 0-1

[Event "EU-Cup 39th"]
[Site "Vrnjacka Banja"]
[Date "2024.10.23"]
[Round "4.1"]
[White "Van Foreest, Lucas"]
[Black "Ivanchuk, Vassily"]
[Result "1/2-1/2"]
[WhiteElo "2522"]
[BlackElo "2632"]
[PlyCount "34"]
[EventDate "2024.10.20"]
[EventType "team-swiss"]
[EventRounds "7"]
[EventCountry "SRB"]
[SourceTitle "CB44_2024"]
[Source "Chessbase"]
[SourceDate "2024.10.30"]
[SourceVersion "1"]
[SourceVersionDate "2024.10.30"]
[SourceQuality "1"]
[WhiteTeam "Werder Bremen"]
[BlackTeam "Chartres"]
[WhiteTeamCountry "GER"]
[BlackTeamCountry "FRA"]

1. d4 Nf6 2. c4 e6 3. Nf3 d5 4. g3 Be7 5. Bg2 0-0 6. 0-0 dxc4 7. Ne5 Nc6 8. Bxc6 bxc6 9. Nxc6 Qe8 10. Nxe7+ Qxe7 11. Qa4 e5 12. dxe5 Qxe5 13. Qxc4 Be6 14. Qc2 Bf5 15. Qc4 Be6 16. Qc2 Bf5 17. Qc4 Be6 1/2-1/2

[Event "EU-Cup 39th"]
[Site "Vrnjacka Banja"]
[Date "2024.10.22"]
[Round "3.1"]
[White "Van Foreest, Lucas"]
[Black "Zemach, Nadav"]
[Result "1/2-1/2"]
[WhiteElo "2522"]
[BlackElo "2398"]
[PlyCount "59"]
[EventDate "2024.10.20"]
[EventType "team-swiss"]
[EventRounds "7"]
[EventCountry "SRB"]
[SourceTitle "CB44_2024"]
[Source "Chessbase"]
[SourceDate "2024.10.30"]
[SourceVersion "1"]
[SourceVersionDate "2024.10.30"]
[SourceQuality "1"]
[WhiteTeam "Werder Bremen"]
[BlackTeam "Rishon Le Zion II"]
[WhiteTeamCountry "GER"]
[BlackTeamCountry "ISR"]

1. e4 e5 2. Nf3 Nc6 3. Bc4 Nf6 4. d3 Bc5 5. 0-0 d6 6. c3 a6 7. Re1 Ba7 8. Nbd2 0-0 9. Nf1 h6 10. Ng3 Na5 11. Bb3 Nxb3 12. axb3 Re8 13. h3 Be6 14. b4 c6 15. d4 exd4 16. Nxd4 c5 17. Nxe6 Rxe6 18. bxc5 Bxc5 19. Qf3 Qe8 20. Bf4 Kh7 21. Re2 Qc6 22. Qd3 g6 23. b4 Bb6 24. b5 Qe8 25. bxa6 bxa6 26. Bxd6 Nd7 27. Qd5 Nf6 28. Qd3 Nd7 29. Qd5 Nf6 30. Qd3 1/2-1/2

[Event "EU-Cup 39th"]
[Site "Vrnjacka Banja"]
[Date "2024.10.21"]
[Round "2.1"]
[White "Stefansson, Vignir Vatnar"]
[Black "Van Foreest, Lucas"]
[Result "1/2-1/2"]
[WhiteElo "2541"]
[BlackElo "2522"]
[PlyCount "78"]
[EventDate "2024.10.20"]
[EventType "team-swiss"]
[EventRounds "7"]
[EventCountry "SRB"]
[SourceTitle "CB44_2024"]
[Source "Chessbase"]
[SourceDate "2024.10.30"]
[SourceVersion "1"]
[SourceVersionDate "2024.10.30"]
[SourceQuality "1"]
[WhiteTeam "Breidablik"]
[BlackTeam "Werder Bremen"]
[WhiteTeamCountry "ISL"]
[BlackTeamCountry "GER"]

1. e4 e5 2. Nf3 Nc6 3. Bc4 Nf6 4. Ng5 d5 5. exd5 Na5 6. d3 h6 7. Nf3 e4 8. Nd4 Bc5 9. c3 0-0 10. 0-0 Nxd5 11. Nb3 Nxb3 12. axb3 exd3 13. Qxd3 Nb6 14. Qxd8 Rxd8 15. Be2 Be6 16. b4 Be7 17. Nd2 a6 18. Ne4 Bc4 19. Bxc4 Nxc4 20. b3 Nd6 21. Nxd6 Rxd6 22. b5 Rd3 23. Bb2 Bf6 24. bxa6 Rxa6 25. Rxa6 bxa6 26. Rc1 Rd2 27. Rb1 c6 28. Kf1 Kh7 29. Ba1 Ra2 30. g3 Kg6 31. Kg2 Kf5 32. Kf3 a5 33. Bb2 a4 34. bxa4 Rxa4 35. Rd1 h5 36. Rd3 g5 37. h3 h4 38. Ke2 Rc4 39. Kf3 Ke6 1/2-1/2

[Event "Jerusalem op"]
[Site "Jerusalem"]
[Date "2024.09.25"]
[Round "9"]
[White "Van Foreest, Lucas"]
[Black "Rozen, Eytan"]
[Result "1/2-1/2"]
[WhiteElo "2522"]
[BlackElo "2476"]
[PlyCount "160"]
[EventDate "2024.09.24"]
[EventType "swiss (rapid)"]
[EventRounds "9"]
[EventCountry "ISR"]
[SourceTitle "EXT 2025"]
[Source "ChessBase"]
[SourceDate "2024.10.14"]
[SourceVersion "1"]
[SourceVersionDate "2024.10.14"]
[SourceQuality "1"]

1. d4 d5 2. c4 c6 3. Nf3 Nf6 4. cxd5 cxd5 5. Nc3 Nc6 6. Bf4 a6 7. Rc1 Bf5 8. e3 Rc8 9. Ne5 e6 10. g4 Nxe5 11. gxf5 Nc4 12. fxe6 fxe6 13. Qb3 b5 14. a4 Bd6 15. Bxd6 Qxd6 16. axb5 0-0 17. Be2 axb5 18. Qxb5 Rb8 19. Qc5 Qxc5 20. dxc5 Rxb2 21. Bxc4 dxc4 22. 0-0 Rc8 23. Kh1 Rb3 24. Na4 Rb4 25. Ra1 Ne4 26. Kg2 Nxc5 27. Nxc5 Rxc5 28. Rfd1 c3 29. Rd7 h6 30. Raa7 Rg4+ 31. Kf3 h5 32. Rac7 Rf5+ 33. Ke2 Rg2 34. Rxc3 Rfxf2+ 35. Ke1 Ra2 36. Kf1 Raf2+ 37. Ke1 Ra2 38. Kf1 Rxh2 39. Kg1 Rag2+ 40. Kf1 Rb2 41. Kg1 Rhg2+ 42. Kh1 Rgc2 43. Rxc2 Rxc2 44. Re7 Rc6 45. Kg2 Kf8 46. Ra7 Rc5 47. Kf3 Rf5+ 48. Kg3 Re5 49. Kf4 Rf5+ 50. Kg3 g5 51. Rh7 g4 52. Kh4 Re5 53. Ra7 Kg8 54. Re7 Kf8 55. Ra7 Rxe3 56. Kxh5 g3 57. Ra2 Kf7 58. Kg5 Ke7 59. Kf4 Rd3 60. Ke5 Rd5+ 61. Kf4 Rd3 62. Ke5 Kf7 63. Kf4 Kf6 64. Rg2 Rb3 65. Rg1 Rb8 66. Kf3 Rg8 67. Kg2 e5 68. Re1 Rg7 69. Re3 Kf5 70. Rf3+ Ke6 71. Ra3 e4 72. Rxg3 Rf7 73. Rg5 Rf8 74. Ra5 Kd6 75. Kg3 e3 76. Ra3 Re8 77. Ra1 Kd5 78. Kf3 Kd4 79. Ke2 Rh8 80. Ra4+ Ke5 1/2-1/2

[Event "Jerusalem op"]
[Site "Jerusalem"]
[Date "2024.09.24"]
[Round "5"]
[White "Kochavi, Dana"]
[Black "Van Foreest, Lucas"]
[Result "0-1"]
[WhiteElo "2009"]
[BlackElo "2522"]
[PlyCount "78"]
[EventDate "2024.09.24"]
[EventType "swiss (rapid)"]
[EventRounds "9"]
[EventCountry "ISR"]
[SourceTitle "EXT 2025"]
[Source "ChessBase"]
[SourceDate "2024.10.14"]
[SourceVersion "1"]
[SourceVersionDate "2024.10.14"]
[SourceQuality "1"]

1. e4 e5 2. Nf3 Nc6 3. Bb5 Nf6 4. 0-0 Nxe4 5. Re1 Nd6 6. Nxe5 Be7 7. Bf1 Nf5 8. Nf3 0-0 9. d4 d5 10. c3 Bd6 11. g3 Nfe7 12. Bg2 Bf5 13. Ne5 Nxe5 14. dxe5 Bc5 15. Be3 Bxe3 16. Rxe3 Qd7 17. Nd2 c6 18. Nb3 Rae8 19. Qd4 b6 20. Qa4 c5 21. Qa6 Bg4 22. a4 Nc6 23. Qd3 Rxe5 24. Rxe5 Nxe5 25. Qxd5 Qxd5 26. Bxd5 Rd8 27. Be4 Be6 28. Bc2 Nf3+ 29. Kg2 Bd5 30. Kh3 c4 31. Nd4 Nxd4 32. cxd4 Bf3 33. Re1 Kf8 34. Re3 Bc6 35. Rc3 Rxd4 36. b3 cxb3 37. Rxc6 bxc2 38. a5 Rd2 39. a6 Rxf2 0-1

[Event "Jerusalem op"]
[Site "Jerusalem"]
[Date "2024.09.24"]
[Round "4"]
[White "Van Foreest, Lucas"]
[Black "Lederman, Leon S"]
[Result "1-0"]
[WhiteElo "2522"]
[BlackElo "2201"]
[PlyCount "29"]
[EventDate "2024.09.24"]
[EventType "swiss (rapid)"]
[EventRounds "9"]
[EventCountry "ISR"]
[SourceTitle "EXT 2025"]
[Source "ChessBase"]
[SourceDate "2024.10.14"]
[SourceVersion "1"]
[SourceVersionDate "2024.10.14"]
[SourceQuality "1"]

1. d4 d5 2. c4 dxc4 3. Nf3 a6 4. e3 Bg4 5. Bxc4 e6 6. Nbd2 Nf6 7. h3 Bh5 8. g4 Bg6 9. Ne5 Nfd7 10. Nxg6 hxg6 11. b3 e5 12. Qf3 Qf6 13. Qxb7 Qc6 14. Qc8+ Ke7 15. Ba3+ 1-0

[Event "Kishinev Svetushkin Cup"]
[Site "Kishinev"]
[Date "2024.08.01"]
[Round "6"]
[White "Ghimpu, Samuel Timotei"]
[Black "Van Foreest, Lucas"]
[Result "1/2-1/2"]
[WhiteElo "2452"]
[BlackElo "2535"]
[PlyCount "49"]
[EventDate "2024.07.28"]
[EventType "tourn"]
[EventRounds "9"]
[EventCountry "MDA"]
[EventCategory "9"]
[SourceTitle "CBM 221 Extra"]
[Source "ChessBase"]
[SourceDate "2024.09.30"]
[SourceVersion "1"]
[SourceVersionDate "2024.09.30"]
[SourceQuality "1"]

1. e4 e5 2. Nf3 Nc6 3. Nc3 Nf6 4. h3 a6 5. d4 exd4 6. Nxd4 Nxe4 7. Nxe4 Qe7 8. Qd3 d5 9. Nxc6 bxc6 10. Bd2 Qxe4+ 11. Qxe4+ dxe4 12. 0-0-0 Bc5 13. Re1 0-0 14. Rxe4 Bxf2 15. Bc4 Bc5 16. Rf1 Be6 17. Bxe6 fxe6 18. Rxf8+ Rxf8 19. Rxe6 Rf2 20. Kd1 Bd6 21. Re2 Rf1+ 22. Re1 Rf2 23. Re2 Rf1+ 24. Re1 Rf2 25. Re2 1/2-1/2

[Event "Kishinev Svetushkin Cup"]
[Site "Kishinev"]
[Date "2024.08.01"]
[Round "7"]
[White "Van Foreest, Lucas"]
[Black "Hamitevici, Vladimir"]
[Result "1-0"]
[WhiteElo "2535"]
[BlackElo "2442"]
[PlyCount "77"]
[EventDate "2024.07.28"]
[EventType "tourn"]
[EventRounds "9"]
[EventCountry "MDA"]
[EventCategory "9"]
[SourceTitle "CBM 221 Extra"]
[Source "ChessBase"]
[SourceDate "2024.09.30"]
[SourceVersion "1"]
[SourceVersionDate "2024.09.30"]
[SourceQuality "1"]

1. e4 c5 2. Nf3 d6 3. d4 cxd4 4. Nxd4 Nf6 5. Nc3 Bd7 6. f3 Nc6 7. Be3 e6 8. Qd2 a6 9. g4 h6 10. 0-0-0 b5 11. h4 Rb8 12. Bd3 Nxd4 13. Bxd4 b4 14. Ne2 e5 15. Ba7 Rb7 16. Bf2 Qa5 17. Kb1 Bb5 18. Ng3 Bxd3 19. cxd3 h5 20. Rc1 Rb8 21. Nf5 g6 22. Ne3 hxg4 23. fxg4 Be7 24. h5 gxh5 25. Bh4 Ng8 26. Nd5 Bxh4 27. Rxh4 Qd8 28. Qf2 Qg5 29. Nc7+ Ke7 30. gxh5 Rxh5 31. Nd5+ Kf8 32. Rxh5 Qxh5 33. Qa7 Re8 34. Rg1 Qh6 35. Nb6 Nf6 36. Qc7 Qe3 37. Qxd6+ Re7 38. Rc1 Ng8 39. Nc8 1-0